02395nam a2200397 a 4500001001200000003000800012006001900020007001500039008004100054010001700095020003800112020003500150040002100185035002100206043001200227050002600239082002200265245011100287260007300398300001700471500003700488500005900525504005400584505073200638530003701370533015201407650005501559650005401614651004001668655002901708700002501737710007501762710001701837856012601854999001701980ebr10225513CaPaEBRm u cr cn|||||||||070809s2007 cau sb 000 0 eng  z 2007033042 z9780833041500 (pbk. : alk. paper) z0833041509 (pbk. : alk. paper) aCaPaEBRcCaPaEBR a(OCoLC)183655423 an-us---14aUB418.W65bA87 2007eb04a355.4082/097322200aAssessing the assignment policy for army womenh[electronic resource] /cMargaret C. Harrell ... [et al.]. aSanta Monica, CA :bRAND National Defense Research Institute,c2007. axxvi, 158 p. a"MG-590-1-OSD"--P. [4] of cover. a"Prepared for the Office of the Secretary of Defense." aIncludes bibliographical references (p. 151-158).0 aIntroduction -- Is there a shared interpretation of the assignment policy for Army women? -- Is the Army complying with the assignment policy? -- Is the assignment policy appropriate for future military operations? -- Conclusions and recommendations -- Appendixes: A. Aspin 1994 memorandum -- B. The difference between an assignment policy and an employment policy -- C. Opportunities available to Army women -- D. Army women deployed to Iraq -- E. Interviews with senior Army, OSD, and JS personnel and members of congress -- F. Interviews and focus groups with personnel recently returned from Iraq -- G. Army modularity, asymmetric threats, and nonlinear battlefields -- H. Female Army recipients of the Combat Action Badge. aAlso available via the Internet. aElectronic reproduction.bPalo Alto, Calif. :cebrary,d2013.nAvailable via World Wide Web.nAccess may be limited to ebrary affiliated libraries. 0aWomen in combatxGovernment policyzUnited States. 0aWomen soldiersxGovernment policyzUnited States. 0aUnited StatesxArmed ForcesxWomen. 7aElectronic books.2local1 aHarrell, Margaret C.1 aUnited States.bDept. of Defense.bOffice of the Secretary of Defense.2 aebrary, Inc.40uhttp://site.ebrary.com/lib/rucke/Doc?id=10225513zAn electronic book accessible through the World Wide Web; click to view c26972d26972